000 01171nam a2200229Ia 4500
999 _c38329
_d38329
001 4339
003 GE_BSU
005 20191008121156.0
008 181216s1990||||ge |||||||||||||| ||geo||
040 _cGE_BSU
041 _ageo
080 _a821.353.1-91-1 + 821.353.32-91-1 ს–24
100 _aსამუშია, კალისტრატე
_94059
245 _aქართული ზეპირსიტყვიერება :
_bმეგრული ნიმუშები /
_cკალისტრატე სამუშია; რედ.: იოსებ მეგრელიძე.
264 _aთბილისი :
_bმეცნიერება,
_c1990.
300 _a151 გვ. ;
_b21 სმ.
653 _aქართული ზეპირსიტყვიერება
653 _aქართული ფოლკლორი
700 _aმეგრელიძე, ი.
_eრედაქტორი
_91203
710 _a საქ. მეცნ. აკად., ზუგდიდის სამეცნ. ცენტრი, ზუგდიდის ისტ. მუზეუმი.
_94613
942 _cBK
_2udc